书目信息 |
| 题名: |
你的第一本哲学书
|
|
| 作者: | 内格尔 著 | |
| 分册: | ||
| 出版信息: | 北京 当代中国出版社 2005.01 |
|
| 页数: | 126页 | |
| 开本: | 20cm | |
| 丛书名: | ||
| 单 册: | ||
| 中图分类: | B-49 | |
| 科图分类: | ||
| 主题词: | 哲学--学习 , 哲学--知识--科学普及 | |
| 电子资源: | ||
| ISBN: | 7-80170-363-4 | |
| 000 | 00627nam0 2200217 450 | |
| 001 | 2638789261 | |
| 005 | 20260414104904.47 | |
| 010 | @a7-80170-363-4@dCNY15.00 | |
| 100 | @a20260414d2005 km y0chiy0120 ea | |
| 101 | 0 | @achi |
| 102 | @aCN@b110000 | |
| 102 | @aCN@b110000 | |
| 200 | 1 | @a你的第一本哲学书@ANi De Di Yi Ben Zhe Xue Shu@f内格尔著@FNei Ge Er Zhu |
| 210 | @a北京@c当代中国出版社@d2005.01 | |
| 215 | @a126页@d20cm | |
| 606 | 0 | @a哲学@x学习 |
| 606 | 0 | @a哲学@x知识@x科学普及 |
| 690 | @aB-49@v4 | |
| 701 | 0 | @a内格尔@ANei Ge Er@4著 |
| 801 | 0 | @aCN@b大连网信软件有限公司图书馆·11@c20260414 |
| 905 | @aZUCC@dB-49@e1985 | |
| 你的第一本哲学书/内格尔著.-北京:当代中国出版社,2005.01 |
| 126页;20cm |
| ISBN 7-80170-363-4:CNY15.00 |
| ● |
| 相关链接 |
|
|
|
|
正题名:你的第一本哲学书
索取号:B-49/1985
 
预约/预借
| 序号 | 登录号 | 条形码 | 馆藏地/架位号 | 状态 | 备注 |
| 1 | 1442546 | 214425460 | 第一样本阅览室/ [索取号:B-49/1985] | 在馆 |